000 00663nam a2200253Ia 4500
003 OSt
005 20220924122546.0
006 a|||||r|||| 00| 0
007 ta
008 220923b |||||||| |||| 00| 0 urd d
020 _c1.25
024 _a321074
037 _cTextual
040 _aARTS
_cARTS
_burd
041 _2urd
_aurd
082 _aQ7w252.M9, 168F2
100 _aBaqi Abdul Au.
_9189922
245 0 _aHayat-ul-Ulma
260 _aLuckhnow
_bMunshi Naval Kishore India
_c1922
300 _a164p.
_ccm.
650 _aISLAM
_9577
942 _hQ7w252.M9, 168F2
_cTEXL
_2CC
999 _c412134
_d412134